Biology : (Record no. 5798)

000 -LEADER
fixed length control field 00516nam a2200145 4500
008 - FIXED-LENGTH DATA ELEMENTS--GENERAL INFORMATION
fixed length control field 150916b xxu||||| |||| 00| 0 eng d
020 ## - INTERNATIONAL STANDARD BOOK NUMBER
International Standard Book Number 053865208X
050 ## - LIBRARY OF CONGRESS CALL NUMBER
Classification number QH 308.7.L46 1998
100 ## - MAIN ENTRY--PERSONAL NAME
Personal name Leonard, William H.
245 ## - TITLE STATEMENT
Title Biology :
Statement of responsibility, etc. William H.Leonard and John E. Penick
Remainder of title A community context/
260 ## - PUBLICATION, DISTRIBUTION, ETC. (IMPRINT)
Place of publication, distribution, etc. Boston :
Name of publisher, distributor, etc. South-Western educational publishing,
Date of publication, distribution, etc. 1998.
300 ## - PHYSICAL DESCRIPTION
Extent xv, 576 p. :
Other physical details ill. (chiefly col.);
Dimensions 26 cm.
504 ## - BIBLIOGRAPHY, ETC. NOTE
Bibliography, etc Includes index.
650 ## - SUBJECT ADDED ENTRY--TOPICAL TERM
Topical term or geographic name as entry element Biology.
700 ## - ADDED ENTRY--PERSONAL NAME
Personal name Penick, John E.
942 ## - ADDED ENTRY ELEMENTS (KOHA)
Source of classification or shelving scheme
Koha item type Hard Covered Materials
Classification part QH 308.7 .L46 1998
Holdings
Withdrawn status Lost status Source of classification or shelving scheme Damaged status Not for loan Home library Current library Date acquired Source of acquisition Total Checkouts Full call number Barcode Date last seen Price effective from Koha item type Shelving location Date last checked out
          MACHAKOS UNIVERSITY LIBRARY MACHAKOS UNIVERSITY LIBRARY 17/09/2015 Donation (B.F.A)   HF 5694 .S53 2003 QH 308.7 .L46 1998 17/09/2015 17/09/2015 Hard Covered Materials    
          MACHAKOS UNIVERSITY LIBRARY MACHAKOS UNIVERSITY LIBRARY 17/09/2015 Donation (B.F.A) 1 HF 5694 .S53 2003 11711 10/06/2021 17/09/2015 Hard Covered Materials Open shelf 10/05/2021
© Machakos University Library, Along The Highway, Machakos Wote Rd, Machakos, Kenya P.O. Box 136 - 90100 Machakos - Kenya

Tel: ( +254 ) 723 805829 OR Fax : 044-20353 OR Email: library@mksu.ac.ke